000 00528nam a2200205Ia 4500
003 GCL
008 140319s9999 xx 000 0 eng d
040 _aGCL /
_cGCL
082 0 4 _a610.737
_bG T
100 1 _aPETRIE, J. C.
245 1 0 _aTEXTBOOK OF MEDICAL TREATMENT /
_cPETRIE, J. C.
700 1 _aGIRDWOOD, RONALS H.
260 _a[S.N] :
_bCHURCHILL LIVINGSTONE ،
_c1987
300 _a593\P
650 0 4 _aPHARMACOLOGY
650 0 4 _aPHYSICIANS
650 0 4 _aMEDICINE
650 0 4 _aMEDICAL SCIENCE
942 _2ddc
_cBK
999 _c20064
_d20064